000 00446nam a22001937a 4500
005 20230717113556.0
008 230717b |||||||| |||| 00| 0 eng d
020 _a9780071321082
082 _a658.054
_bBOY-M
100 _aBoyce,John
245 _aMarketing Research
250 _a2nd.ed
260 _aINDIA
_bMcGrawHill
_c2011
300 _a599
500 _ainclude index
650 _amanagement
700 _aJohn,Boyce
999 _c26016
_d26016